|
|
|
|
| LEADER |
00000cam a2200000 7i4500 |
| 001 |
0000000134 |
| 005 |
20000717.0 |
| 020 |
0 |
0 |
|a 9837202785
|
| 090 |
0 |
0 |
|a 658.8
|b BOL 1997
|
| 100 |
1 |
0 |
|a BOLAND
|h Daniel M.
|
| 245 |
1 |
0 |
|a Apa yang perlu sebagai seorang pengurus
|c Daniel M. Boland
|
| 260 |
0 |
0 |
|a Kuala Lumpur :
|b Golden Books Centre ,
|c 1997
|
| 300 |
|
|
|a 82 p. ;
|c 22 cm.
|
| 500 |
0 |
0 |
|a Translated from: Let me speak to the manager - selling from the buyer's point of view/ Daniel M. Boland
|
| 650 |
0 |
0 |
|a Leadership
|
| 650 |
0 |
0 |
|a Sales management
|
| 999 |
|
|
|a 0000001292
|b Monograph
|c Open Shelf
|e Default branch
|